000 00484nam a2200181Ia 4500
003 GCL
008 140319s9999 xx 000 0 ara d
040 _aGCL /
_cGCL
082 0 4 _a811.9
_bج ق
100 1 _aجوزف عيساوى
245 1 0 _aقصائد المنزل /
_cجوزف عيساوى
260 _a[S.N] :
_bدار الجديد ،
_c1992
300 _a64 ص
490 _a
650 0 4 _aالشعر العربى
650 0 4 _aالادب العربى
942 _2ddc
_cBK
999 _c55999
_d55999